|
|
|
|
| LEADER |
01407nam a2200253 u 4500 |
| 001 |
10061065 |
| 003 |
GR-PaULI |
| 005 |
20240219104521.0 |
| 008 |
070427s1991 gr gre |
| 952 |
|
|
|0 0
|1 0
|2 ddc
|4 0
|6 792_010000000000000_ΠΕΦ
|7 0
|9 328045
|a LISP
|b LISP
|c BSC
|d 2021-09-02
|i 252942
|l 0
|o 792.01 ΠΕΦ
|p 025000286199
|r 2021-09-02 00:00:00
|t 1
|w 2021-09-02
|y BK15
|
| 999 |
|
|
|c 183851
|d 183851
|
| 020 |
|
|
|a 9602480890
|
| 040 |
|
|
|a GR-PaULI
|c GR-PaULI
|b gre
|e AACR2
|
| 082 |
0 |
4 |
|a 792.01
|2 23
|
| 100 |
1 |
|
|a Πεφάνης, Γιώργος Π.,
|d 1966-
|e συγγραφέας.
|9 82163
|
| 245 |
1 |
3 |
|a Το θεατρικό :
|b σκιαγράφηση μιας φαινομενολογικής θεατρολογίας /
|c Γιώργος Π. Πεφάνης ; πρόλογος Δημήτρης Τσαρδάκης εισαγωγή Χαρά Μπακονικόλα - Γεωργοπούλου.
|
| 260 |
|
|
|a Αθήνα ;
|a Γιάννινα
|b Δωδώνη,
|c 1991.
|
| 300 |
|
|
|a 216 σ. ;
|c 21 σ.
|
| 504 |
|
|
|a Περιλαμβάνει βιβλιογραφία και ευρετήριο.
|
| 650 |
|
4 |
|9 507
|a Θέατρο
|x Φιλοσοφία.
|
| 700 |
|
|
|a Τσαρδάκης, Δημήτρης,
|d 1937-
|e συγγραφέας προλόγου.
|9 8867
|
| 700 |
1 |
|
|a Μπακονικόλα-Γεωργοπούλου, Χαρά,
|d 1948-
|e συγγραφέας εισαγωγής.
|9 1955
|
| 942 |
|
|
|2 ddc
|c BK15
|
| 998 |
|
|
|c ΜΠΟΥΡΑΣ
|d 2021-09
|